Quiz o starożytnej Grecji - Statystyki

Ogólne statystyki
  • Ten quiz został rozwiązany 2 820 razy
  • Średni wynik to 13 z 20
Statystyki odpowiedzi
Wskazówka Odpowiedź % Poprawnych
Miasto słynące z demokracji Ateny
99%
Najważniejszy grecki bóg Zeus
90%
Najwyższa góra w Grecji; siedziba bogów Olimp
88%
"Wielki” macedoński zdobywca Aleksander
82%
Te zawody lekkoatletyczne po raz pierwszy odbyły się w 776 roku p.n.e. Igrzyska olimpijskie
80%
Polis rywalizujące z powyższym miastem Sparta
80%
Słowo, które rzekomo powiedział Archimedes, kiedy dokonał odkrycia Eureka!
69%
Wojna, o której była „Iliada” Wojna trojańska
68%
Płaski, wysoki teren, na którym były świątynie Akropol
65%
Filozof, który napił się cykuty Sokrates
61%
Dziedzina matematyki, której „ojcem” jest Euklides Geometria
58%
Formacja piechoty używana przez powyższego władcę (wskazówka: zaczyna się na F) Falanga
56%
Przywódca znany z filmu "300", który walczył pod Termopilami Leonidas
56%
Nauczyciel powyższego filozofa, twórca Akademii Platon
54%
Filozof, który uczył tego przywódcy Arystoteles
50%
Miejsce najsłynniejszej wyroczni Delfy
44%
Dorycki, joński i koryncki to trzy porządki ... Kolumn
43%
Najbardziej znana świątynia tego miasta` Partenon
42%
Wojna toczona między tymi miastami w latach 431–404 p.n.e. Wojna Peloponeska
35%
Powyższa wyrocznia była miejscem kultu tego boga Apollo
32%
Nie znaleziono quizów pasujących do podanych kryteriów
Rozkład punktacji
Procent ludzi z każdym wynikiem
Percentyl według liczby udzielonych odpowiedzi
Twoja historia wyników
Nie rozwiązałeś tego quizu